Entry Topical Term
Number of records used in: 4
001 - CONTROL NUMBER
003 - CONTROL NUMBER IDENTIFIER
005 - DATE AND TIME OF LATEST TRANSACTION
- control field:
20250909145502.0
008 - FIXED-LENGTH DATA ELEMENTS
- fixed length control field:
250909|| aca||aabn | a|a d
040 ## - CATALOGING SOURCE
- Original cataloging agency:
JRU
- Transcribing agency:
JRU
150 ## - HEADING--TOPICAL TERM
- Topical term or geographic name as entry element:
PARAMEDICAL
670 ## - SOURCE DATA FOUND
- Source citation:
Work cat.: (JRU)8798: JAGGI, NAMITA 8668, MICROBIOLOGY THEORY FOR MLT: Medical Laboratory Technology, 2013